Les Énigmes du Savoir - Statistiques

Statistiques générales
  • Ce quiz a été pris 27 fois
    8 depuis la dernière actualisation
  • Le résultat moyen est 4 sur 10
Statistiques - réponses
Question Réponse % Correct
Dans laquelle de ces œuvres de Dostoïevski trouve-t-on les personnages Ivan et Aliocha Karamazov ? Les Frères Karamazov
86%
Quelle guerre a conduit à la dissolution de l’Empire austro-hongrois en 1918 ? La Première Guerre mondiale
71%
Quel compositeur autrichien du XVIIIe siècle a écrit l’opéra 'La Flûte enchantée' ? Wolfgang Amadeus Mozart
71%
Quelle équation de Maxwell décrit le champ magnétique créé par des courants électriques variables dans le temps ? L’équation d’Ampère-Maxwell
57%
Quel philosophe grec est connu pour avoir développé le concept de 'la théorie des formes' ? Platon
43%
Quel mécanisme évolutif explique la transmission des gènes d’une espèce à une autre sans reproduction sexuée ? Transfert horizontal de gènes
43%
Qui a développé la théorie économique des avantages comparatifs ? David Ricardo
29%
Sous quel empereur l'Empire romain a-t-il atteint sa plus grande étendue territoriale ? Trajan
14%
Quel type d’étoile est en fin de vie lorsque celle-ci se transforme en une naine blanche ? Une étoile de type G (comme le Soleil)
14%
Quel algorithme est utilisé pour le tri rapide des données, connu sous le nom de 'QuickSort' ? Un algorithme diviser pour régner
0%
Aucun quiz correspondant
Distribution des résultats
% des personnes avec chaque résultat
Percentile par nombre de réponses
Votre historique - résultats
Vous n’avez pas pris ce quiz depuis la dernière actualisation